AC6 Bosses - Statistics

General Stats
  • This quiz has been taken 4 times
  • The average score is 9 of 12
Answer Stats
Hint Answer % Correct
12 ALLMIND
100%
5 IA-02: ICE WORM
100%
10 IB-07: SOL 644/ Ayre
100%
8 AAP07A: ARQUEBUS BALTEUS/V.II Snail
75%
1 AAPO7: BALTEUS
75%
11 IB-C03: HAL 826/ Handler Walter
75%
9 My beautiful husband, V.IV Rusty
75%
4 NIGHTFALL/Raven
75%
2 EC0804: SMART CLEANER
50%
3 IA-13: SEA SPIDER
50%
7 IB-01: CEL 240
50%
6 AAP03: ENFORCER
25%
No matching quizzes found
Score Distribution
Percent of People with Each Score
Percentile by Number Answered
Your Score History
You have not taken this quiz